000 00551nam a2200193Ia 4500
005 20250508160812.0
008 008 250505s9999 xx 000 0 eng d
037 _aTextual
040 _aFEDL
_beng
_cFEDL
041 _aeng
_2eng
084 _a150, CHI
_qFEDL
100 _aChild Irvin L
245 0 _aHumanistic psychology and research tradition: Their several virtues
260 _aNew York, USA
_bJohn Wiley and Sons
_c1973
300 _a213p.
650 _aPsychology
942 _cTEXL
_h150, CHI
999 _c1366709
_d1366709